Quizzes
Events
Quiz Creation
Community
Videos
Private Events
Remove Ads
Sign In
Join for FREE
Feedback
Dark Mode
Quiz Categories
Sports
Geography
Music
Movies
Television
Just For Fun
Miscellaneous
History
Literature
Language
Science
Gaming
Entertainment
Religion
Holiday
For Kids
Quiz Lab
Recent
Popular Today
Quiz Kudos Today
Editor Picks
Curator Picks
Quizzes by...
Day
Popularity
Type
Ratings
Length
Year
Community
Subscriptions
Recent Discussions
Orange Saloon
Badges
Playlists
Quests
Create
Leaderboards
Showdown
Live 5
Trivia Bingo
Activity
Puzzle Library
Sporcle Events
Private Events
Virtual Trivia
Globe League
Become a Host
Pub Owners
SporcleCon
Opinionation
Our Games
Videos
Blog
Mobile Apps
Partnerships
Remove Ads and Go Orange
Feedback
Television
TV Characters
TV Show
Sitcom
Network
Friends
Reality Shows
Cast
South Park
Star Trek
The Simpsons
Doctor Who
Television
TV Characters
TV Show
Sitcom
Network
Friends
Reality Shows
Cast
South Park
Star Trek
The Simpsons
Doctor Who
Random Quiz
Search Sporcle
×
Quiz Lab
Quiz Lab
Television
Holly
Type in answers that appear in a list
Type in answers that appear in a list
Classic
Best Score? Go Orange.
All Adventure Time Characters Ep 1 - Holly Jolly Secrets Pt2 Stats
Can you name the All Adventure Time Characters Ep 1 - Holly Jolly Secrets Pt2?
By
djulienr
20m
244 Questions
322 Plays
322 Plays
322 Plays
Comments
Comments
Give Quiz Kudos
Give Quiz Kudos
-
- Ratings
hide this ad
Replay
Link that replays current quiz
Next Quiz
Link to next quiz in quiz playlist
You Got
0%
They Got
Avg Score
15%
Avg Friend Score
Upgrade to see
Score Distribution
Jump to the score distribution portion of the page
Score
0/244
Timer
20:00
0
Plays Today
% Correct
Finn
98.8%
Jake
96%
Ice King
89.8%
Nice King
83.9%
The Horse
83.9%
Simon Petrikov
83.2%
Princess Bubblegum
81.1%
Marceline
80.4%
Breakfast Princess
74.8%
Lumpy Space Prince
73.6%
Beemo
72.7%
Lumpy Space Princess
71.1%
Lady Rainicorn
63.7%
Cake
61.8%
Fionna
61.5%
Gunter
58.7%
Male Tree Trunks
53.1%
Tree Trunks
51.9%
Ice Queen
49.7%
Cinnamon Bun
49.7%
Prince Gumball
49.4%
Peppermint Butler
47.8%
Snail
46.6%
Marshall Lee
45%
Flame Princess
42.5%
Shelby
41.9%
The Lich
40.7%
Slime Princess
39.1%
Ghost Princess
38.8%
Wildberry Princess
38.5%
Hot Dog Princess
37.3%
Billy
34.8%
Earl of Lemongrab
33.2%
Female Starchy
31.7%
Starchy
31.1%
Bee
31.1%
Bee Princess
31.1%
Lord Monochromicorn
28%
Muscle Princess
27.6%
Dr. Princess
27.3%
Susan Strong
26.7%
Neptr
25.8%
Donny
25.2%
Guardians of the Royal Promis
24.8%
Joshua
24.8%
Marceline's Dad
24.2%
Turtle Princess
23.9%
Betty
22.7%
Magic Man
22%
Mr. Cupcake
21.7%
Raggedy Princess
21.4%
Me-Mow
21.1%
Duke of Nuts
20.8%
Margaret
20.5%
Tiffany
20.5%
Princess Princess Princess
20.5%
Death
20.2%
Choose Goose
19.9%
Flambo
19.9%
Ash
18.3%
Businessmen
18.3%
Ricardio the Heart Guy
18%
Cosmic Owl
17.7%
Dr. Ice Cream
17.1%
Bob
17.1%
Penny
16.5%
Chet
16.1%
Engagement Ring Princess
15.8%
Candy People
15.5%
Tree Witch
15.2%
Princess Beautiful
15.2%
Brad
14.9%
Nurse Poundcake
14.9%
Royal Tart Toter
14.9%
Abracadaniel
14.6%
Manfried
14.3%
Embryo Princess
14.3%
Duchess of Nuts
13.4%
Lollipop Girl
12.8%
Jermaine
12.7%
Chocoberry
12.4%
Snow Golem
12.4%
% Correct
Jigglers
12.4%
Party God
12.4%
Banana Man
12.1%
The Jiggler
12.1%
Booger
12.1%
Bufo
11.5%
Worm
11.5%
Party Pat
11.2%
Gumdrop Girls
10.9%
Door Lord
10.9%
Sleepy Sam
10.9%
Ethel
10.6%
Phil
10.2%
Phil-Face Princess
10.2%
Bouncy Bee
9.9%
Stanley the Watermelon
9.6%
Frog
9.6%
Key-per
9.6%
Kim
9.6%
Female Cinnamon Bun
9.3%
Hot Dog Knights
9.3%
Melissa
9.3%
Jungle Princess
9.3%
Emerald Princess
8.7%
Skeleton Princess
8.7%
Cloud People
8.4%
Candy Zombies
8.4%
Fire Wolf
8.1%
Gnomes
8.1%
Morrow
8.1%
Old Lady Princess
8.1%
Abraham Lincoln
7.8%
Hunny Bunny
7.8%
Orange Princess
7.8%
Purple Princess
7.8%
Gnome Knight
7.5%
Gnome Ruler
7.5%
Trudy
7.5%
Fight King
7.1%
House People
7.1%
Science Cat
7.1%
Why-Wolf
7.1%
Battle Cubes
6.8%
Cute King
6.8%
Xergiok
6.8%
Toast Princess
6.8%
Mrs. Cupcake
6.5%
Bears
6.5%
Penguins
6.5%
Cotton Candy Princess
6.5%
Lollipop Boy
6.2%
Baby Pigs
6.2%
Mannish
6.2%
Suicidal Ballons
5.9%
Dragon
5.9%
Forest Wizard
5.9%
Demon Cat
5.9%
Shark
5.9%
Squirrel
5.9%
Space Angel Princess
5.9%
The Gut Grinder
5.9%
Marauders
5.6%
Naked Wizard
5.6%
Fear Feaster
5.6%
Mini Queen
5.6%
Mr. Fox
5.6%
Scorcher
5.6%
Soft People
5.6%
Gummy
5.3%
Mountain Man
5.3%
Lumpy Space Dad
5%
Cyclops
5%
Ninjas
5%
Gork
5%
Peanut Princess
5%
Cube People
5%
Lumpy Space Mom
4.7%
Boobafina
4.7%
Cuties
4.7%
Grand Master Wizard
4.7%
Ogre
4.7%
Marquis of Nuts
4.3%
% Correct
Ancient Psychic Tandem War Elephant
4.3%
Lub Glubs
4.3%
Guardian Angel
4%
Mr. Cream Puff
4%
Sir Slicer
4%
Wee Wee
4%
Spiky People
4%
Fire Elemental
3.7%
Snorlock
3.7%
Wolves
3.4%
Bucket Knight
3.4%
Dolphin
3.4%
Gary
3.4%
Giant
3.4%
J.J.
3.4%
Lumpy Space People
3.4%
Naked People
3.4%
Old Ladies
3.4%
Gorflax
3.4%
Reaper
3.1%
Old Swans
3.1%
Old Wizards
3.1%
Wall of Flesh
3.1%
Dancing Beetles
2.8%
Fuzzy Friends
2.8%
Cobbler
2.8%
Hag
2.8%
Knights
2.8%
Glasses
2.8%
Lenny
2.8%
Nymph
2.8%
Zap
2.8%
Iceclops
2.5%
Coal Man
2.5%
Rump People
2.5%
Super Freak
2.5%
Bellamy Bug
2.2%
Fire Count
2.2%
Gladiator Ghosts
2.2%
Ice Bull
2.2%
Monty
2.2%
Stag
2.2%
Teenage Bear
2.2%
Two-Headed Goose
2.2%
Swamp Giant
1.9%
Wizard Students
1.9%
King of Thieves
1.9%
Lisby the Cashew Butler
1.9%
Old Man Henchman
1.9%
Sign Zombies
1.9%
Brain Beast
1.6%
Hyoomen Tribe
1.6%
Ice-o-pede
1.6%
Lake Knights
1.6%
Rock People
1.6%
Three Wise Men
1.6%
Tiger
1.6%
Schwabl
1.6%
Fire Newt
1.2%
Giant Worm King
1.2%
Hatchlings
1.2%
Momma Bear
1.2%
Old Man Prisoner
1.2%
Crystal Gaurdian
0.9%
Dark Magician
0.9%
Eberhardt
0.9%
Fine Lady
0.9%
Giant Bear
0.9%
Heart Beast
0.9%
Messenger
0.9%
Mud Eel
0.9%
Nut Creatures
0.9%
Snowman Priest
0.9%
Lyre Plater
0.6%
Ghost Man
0.6%
Lester
0.6%
Mrs. Yoder
0.6%
Red Faced Monster
0.6%
Reptile Princess
0.6%
Dimple Plant Monster
0.3%
Quiz Playlist
Details
Report
Send in Message
Add To Playlist
Classic:
Type in answers that appear in a list
Last Updated: Feb 16, 2017
Quiz Scoreboard
CHALLENGE
Sign Up to Join the Scoreboard
Show All
Scores
Hide
Comments
May contain spoilers
Recently Published
9x9 Crossword: Cartoon Network
by jackfrog10
Miscellaneous
3m
College Basketball Coaching Resumes
by pancakes188
Sports
9m
Billboard Blitz: Fleetwood Mac
by CooCooCachoo
Music
15s
More to Explore
Quiz From the Vault
Featured Blog Post
Where Did the Easter Bunny Come From?
hide this ad
You Might Also Like...
Tags
Adventure
Adventure Time
Character
Holly
Jolly
Pt 2
secret
Time Characters
Today's Top Quizzes in Television
Browse Television
hide this ad
Top Contributed Quizzes in Television
1
5-to-1: The Simpsons Families
2
5-to-1: Television Doctors
3
Adjectives in 80s TV Shows
4
Adjectives in 00s TV Shows
5
7-to-1: TV Show Settings
6
Adjectives in 10s TV Shows
7
Survivor Journey Challenge
8
5-to-1: Streaming Originals
9
Survivor Seasons
10
One Piece Logic Puzzle
Explore More
Trending Topics
Marvel
Crossword
Kpop
Disney
Anime
Harry Potter
NBA
Puzzle
Pokémon
Soccer
WWE
Song
Country
The Office
NFL
hide this ad
More By:
djulienr
Quiz
Plays
Rating
Category
Featured
Created
The Walking Dead TV Characters
1,668
3.67
Television
Jun 25, 2014
Name The Walking Dead Telltale Characters
991
5.00
Gaming
Mar 9, 2015
Name all of the members of the 'Parenthood' family.
786
Television
Mar 6, 2015
Name every song released or leaked by Lana Del Rey?
371
3.00
Music
Apr 12, 2017
All Adventure Time Characters Ep 1 - Holly Jolly Secrets Pt2
322
1.60
Television
Dec 10, 2011
Go to Creator's Profile
Score Distribution
Quiz Creator Spotlight
djulienr
Follow
Send a Message
Quizzes Created
-
Created Quiz Play Count
-
More By This Creator
Popular Quizzes Today
1
Find the US States - No Outlines Minefield
2
Find the Countries of Europe - No Outlines Minefield
3
The Countries of the World
4
Find the US States
5
Risky Map Clicking: Biggest States A-Z
6
US States
7
Popular People in 1961
8
Movies - When Are They Set?
More Television Quizzes
Cartoon Opening Themes III
Quiz Lab
Trending Quizzes
Risky Map Clicking: Least Populous States A-Z
1-10 Letter G Words
Risky Map Clicking: Next State Alphabetically
Adjectives in 80s TV Shows
The Seven Year Switch: Catherine
Recently Updated
Leaping Animals
pecheneg
Reality TV Shows (A-Z)
bhenderson79
Rickey Henderson's Hall of Fame Teammates
pecheneg
Champions League XIs: Arsenal
pecheneg
Quick Pick: Celebrities in WWE's Hall of Fame
aduchscher
A-Z Keypad Blitz II
pecheneg
Multiple Oscar Actors
pecheneg
Mystery Phrase Blitz: Oscar 'Best Actors'
pecheneg
F. Scott Fitzgerald Novels
LTH
Pick 3 Villains
ddd62291
Trending Topics
Kpop
Crossword
NBA
Harry Potter
Marvel
Anime
Disney
Country
Soccer
Song
Puzzle
WWE
The Office
NFL
Pokémon
Your Account Isn't Verified!
In order to create a playlist on Sporcle, you need to verify the email address you used during registration. Go to your
Sporcle Settings
to finish the process.
Report this User
Report this user for behavior that violates our
Community Guidelines
.
Details:
Send Report
Go to the Sporcle.com Mobile Site →
Comments